[Event "Master norm MT"]
[Site "SchemingMind.com"]
[Date "2008.05.26"]
[Round "-"]
[White "thebirdolux"]
[Black "TRFz"]
[Result "1/2-1/2"]
[WhiteCountry "USA"]
[BlackCountry "GBR"]
[WhiteElo "2120"]
[WhiteRD "84"]
[BlackElo "2167"]
[BlackRD "55"]
[GameID "156139"]

1. Nf3 Nf6 2. d4 g6 3. c4 Bg7 4. g3 O-O 5. Bg2 d6 6. O-O Nbd7 7. Nc3 c5 8. b3 cxd4 9. Nxd4 Nc5 10. Bb2 Qb6
11. Nc2 Bd7 12. Nd5 Nxd5 13. Bxg7 Kxg7 14. cxd5 Kg8 15. Qd4 Rac8 16. Rfc1 a5 17. Ne3 Qa6=
1/2-1/2

[Event "Master norm MT"]
[Site "SchemingMind.com"]
[Date "2008.05.27"]
[Round "-"]
[White "TRFz"]
[Black "thebirdolux"]
[Result "1/2-1/2"]
[WhiteCountry "GBR"]
[BlackCountry "USA"]
[WhiteElo "2202"]
[WhiteRD "56"]
[BlackElo "2142"]
[BlackRD "82"]
[GameID "156140"]

1. d4 f5 2. g3 Nf6 3. Bg2 e6 4. Nf3 d5 5. O-O Bd6 6. c4 c6 7. b3 Qe7 8. Bf4 Bxf4 9. gxf4 O-O 10. Ne5 Nbd7
11. Nd2 Nxe5 12. fxe5 Ne4 13. Rc1 Bd7 14. Nxe4 fxe4 15. Rc3 Rac8 16. f3 exf3 17. Rcxf3 Rxf3 18. Bxf3 Qg5+ 19. Kh1 Rf8 20. Qe1=
1/2-1/2

[Event "Master norm MT"]
[Site "SchemingMind.com"]
[Date "2008.05.26"]
[Round "-"]
[White "Konan_Kaddosh"]
[Black "thebirdolux"]
[Result "1-0"]
[WhiteCountry "ITA"]
[BlackCountry "USA"]
[WhiteElo "2555"]
[WhiteRD "61"]
[BlackElo "2120"]
[BlackRD "84"]
[GameID "156284"]

1. e4 c6 2. d4 d5 3. e5 Bf5 4. Nf3 e6 5. Be2 c5 6. Be3 Qb6 7. Nc3 Qxb2 8. Nb5 c4 9. Rb1 Qxc2 10. Qxc2 Bxc2
11. Rb2 Ba4 12. Nc7+ Kd7 13. Nxa8 Bc6 14. Bd2 Ba3 15. Rb1 b5 16. h4 Na6 17. Rh3 Nh6 18. Nh2 Be7 19. Bxh6 gxh6 20. Rf3 Rf8
21. Ng4 Bxa8 22. Nf6+ Kd8 23. Nxh7 Rg8 24. Rxf7 Rxg2 25. Kf1
1-0

[Event "Master norm MT"]
[Site "SchemingMind.com"]
[Date "2008.05.25"]
[Round "-"]
[White "Konan_Kaddosh"]
[Black "TRFz"]
[Result "1-0"]
[WhiteCountry "ITA"]
[BlackCountry "GBR"]
[WhiteElo "2555"]
[WhiteRD "61"]
[BlackElo "2167"]
[BlackRD "55"]
[GameID "156285"]

1. e4 c5 2. Nf3 Nc6 3. d4 cxd4 4. Nxd4 g6 5. Nc3 Bg7 6. Be3 Nf6 7. Bc4 O-O 8. Bb3 a5 9. O-O a4 10. Nxa4 Nxe4
11. f3 Nf6 12. Nb5 Ra6 13. Qe2 Na5 14. Rfd1 d6 15. c4 Bf5 16. Rac1 Nxb3 17. axb3 Re8 18. Qf2 Nd7 19. Bd4 Bh6 20. Ra1 Qc8
21. Nac3 Rxa1 22. Rxa1 Nc5 23. Qh4
1-0

[Event "Master norm MT"]
[Site "SchemingMind.com"]
[Date "2008.05.26"]
[Round "-"]
[White "thebirdolux"]
[Black "Konan_Kaddosh"]
[Result "0-1"]
[WhiteCountry "USA"]
[BlackCountry "ITA"]
[WhiteElo "2037"]
[WhiteRD "98"]
[BlackElo "2525"]
[BlackRD "62"]
[GameID "156286"]

1. e4 c5 2. Nf3 Nc6 3. d4 cxd4 4. Nxd4 e5 5. Nb5 d6 6. c4 Be7 7. b3 f5 8. exf5 Bxf5 9. Bd3 e4 10. Be2 a6
11. N5c3 Bf6 12. O-O Be5 13. Be3 Nf6 14. a3 h5 15. h3 Ng4 16. Bd2 Nd4 17. Ra2 Nh2 18. Re1 Qh4 19. Nd5 Bg4 20. Bxg4 hxg4
21. Rxe4 Nhf3+ 22. Kf1 Qh7
0-1

[Event "Master norm MT"]
[Site "SchemingMind.com"]
[Date "2008.05.26"]
[Round "-"]
[White "TRFz"]
[Black "Konan_Kaddosh"]
[Result "0-1"]
[WhiteCountry "GBR"]
[BlackCountry "ITA"]
[WhiteElo "2185"]
[WhiteRD "58"]
[BlackElo "2559"]
[BlackRD "66"]
[GameID "156287"]

1. d4 Nf6 2. c4 e6 3. Nc3 Bb4 4. a3 Bxc3+ 5. bxc3 c5 6. f3 d5 7. cxd5 exd5 8. e3 Qc7 9. Ra2 O-O 10. Bd3 b6
11. Ne2 Re8 12. O-O Ba6 13. Bxa6 Nxa6 14. Qd3 c4 15. Qf5 Qc8 16. Qxc8 Raxc8 17. Ng3 Nc7 18. Re1 h5 19. Rae2 Nb5 20. Bb2 g6
21. e4 Nc7 22. e5 Nd7 23. Nf1 b5 24. Ne3 Kg7 25. Kf2 a5 26. Bc1 b4 27. axb4 axb4 28. cxb4 Ra8 29. Nc2 Nb8 30. Bg5 Nc6
31. g4= Kf8 32. gxh5 gxh5 33. Rg1 Reb8 34. Be3 Ne6 35. Rb1 Ra2 36. Ke1 Nc7 37. Kf2 Nb5 38. Rg1 Rba8 39. Rg5 Nc3 40. Rd2 Rb2
41. Kf1 Raa2 42. Rgg2 Rb1+ 43. Kf2 h4 44. h3 Nd1+ 45. Ke2 Ke7
0-1

[Event "Master norm MT"]
[Site "SchemingMind.com"]
[Date "2008.05.26"]
[Round "-"]
[White "faulty"]
[Black "Konan_Kaddosh"]
[Result "0-1"]
[WhiteCountry "USA"]
[BlackCountry "ITA"]
[WhiteElo "2011"]
[WhiteRD "70"]
[BlackElo "2525"]
[BlackRD "62"]
[GameID "156481"]

1. e4 c5 2. Nf3 Nc6 3. d4 cxd4 4. Nxd4 e5 5. Nb5 d6 6. c4 Be7 7. N1c3 a6 8. Na3 f5 9. Bd3 f4 10. Nc2 Nf6
11. O-O O-O 12. Nd5 Nd7 13. f3 Bh4 14. Bd2 Nc5 15. Be2 Qg5 16. Kh1 Qh5 17. g4 fxg3 18. f4 Qh6 19. fxe5 Rxf1+ 20. Bxf1 Bg5
0-1

[Event "Master norm MT"]
[Site "SchemingMind.com"]
[Date "2008.05.27"]
[Round "-"]
[White "faulty"]
[Black "thebirdolux"]
[Result "0-1"]
[WhiteCountry "USA"]
[BlackCountry "USA"]
[WhiteElo "2003"]
[WhiteRD "69"]
[BlackElo "2120"]
[BlackRD "84"]
[GameID "156482"]

1. e4 d6 2. d4 g6 3. c4 Bg7 4. Nc3 Nf6 5. f4 c5 6. d5 O-O 7. Nf3 e6 8. Be2 exd5 9. exd5 Re8 10. O-O Bf5
11. Bd3 Qd7 12. Qc2 Na6 13. a3 Nc7 14. h3 Bxd3 15. Qxd3 Rab8 16. Bd2 b5 17. b3 Nh5 18. Rae1 bxc4 19. Qxc4 Ng3 20. Rxe8+ Rxe8
21. Re1 Rxe1+ 22. Bxe1 Nf5 23. g4 Ne3 24. Qe4 Bxc3 25. Bxc3 Ncxd5 26. Bd2 f5 27. gxf5 gxf5 28. Qd3 Qg7+ 29. Ng5 Nxf4 30. Qxe3 Qxg5+
31. Kf1 Qg2+ 32. Ke1 Qh1+ 33. Kf2 Nxh3+ 34. Ke2 Qh2+ 35. Kd1 Nf2+ 36. Kc1 Ne4
0-1

[Event "Master norm MT"]
[Site "SchemingMind.com"]
[Date "2008.05.26"]
[Round "-"]
[White "faulty"]
[Black "TRFz"]
[Result "0-1"]
[WhiteCountry "USA"]
[BlackCountry "GBR"]
[WhiteElo "2003"]
[WhiteRD "69"]
[BlackElo "2167"]
[BlackRD "55"]
[GameID "156483"]

1. e4 c5 2. Nf3 Nc6 3. d4 cxd4 4. Nxd4 g6 5. c4 Nf6 6. Nc3 d6 7. Be2 Nxd4 8. Qxd4 Bg7 9. Be3 O-O 10. Qd2 Be6
11. O-O Qa5 12. f3 Rfc8 13. b3 a6 14. Rac1 Rab8 15. Kh1 b5 16. cxb5 axb5 17. Nxb5 Rxb5 18. Bxb5 Qxb5 19. g4 Rxc1 20. Rxc1 Nd7
21. Kg2 h5 22. h3 hxg4 23. hxg4 f5 24. g5 Ne5 25. Qc2 fxe4 26. fxe4 Ng4 27. Bf4 Be5
0-1

[Event "Master norm MT"]
[Site "SchemingMind.com"]
[Date "2008.05.26"]
[Round "-"]
[White "Konan_Kaddosh"]
[Black "faulty"]
[Result "1-0"]
[WhiteCountry "ITA"]
[BlackCountry "USA"]
[WhiteElo "2525"]
[WhiteRD "62"]
[BlackElo "2011"]
[BlackRD "70"]
[GameID "156484"]

1. e4 e5 2. Nf3 Nc6 3. Bb5 a6 4. Ba4 Nf6 5. d3 d6 6. c3 b5 7. Bc2 Bg4 8. Nbd2 Be7 9. O-O O-O 10. Re1 Re8
11. Nf1 Bf8 12. h3 Bh5 13. Ng3 Bg6 14. Nh4 h6 15. Nxg6 fxg6 16. a4 Qd7 17. b4 Ne7 18. Be3 c6 19. Bb3+ Kh7 20. Qc2 Reb8
21. d4 Nc8 22. a5 c5 23. bxc5 dxc5 24. dxe5 c4 25. Ba2 Ne8 26. f4 Qe7 27. Qf2 Na7 28. f5 g5 29. f6 gxf6 30. exf6 Nxf6
31. Bd4 Bg7 32. e5 Ne8 33. Qf5+ Kg8 34. Bb1 Nd6 35. Qg6 Rd8 36. Rf1
1-0

[Event "Master norm MT"]
[Site "SchemingMind.com"]
[Date "2008.05.27"]
[Round "-"]
[White "thebirdolux"]
[Black "faulty"]
[Result "1-0"]
[WhiteCountry "USA"]
[BlackCountry "USA"]
[WhiteElo "2037"]
[WhiteRD "98"]
[BlackElo "2011"]
[BlackRD "70"]
[GameID "156485"]

1. Nf3 Nf6 2. d4 d5 3. c4 e6 4. Nc3 c5 5. cxd5 exd5 6. g3 Nc6 7. Bg2 Be6 8. O-O h6 9. b3 Be7 10. dxc5 Bxc5
11. Bb2 O-O 12. e3 Qe7 13. Ne2 Rad8 14. Nf4 Ba3 15. Bxa3 Qxa3 16. Nd4 Rfe8 17. Qd3 a6 18. Rfc1 Nb4 19. Qd2 Ne4 20. Qd1 Rc8
21. Ndxe6 Rxc1 22. Rxc1 fxe6 23. Rc7 Nd6 24. Nxe6 Nf7 25. Qh5
1-0

[Event "Master norm MT"]
[Site "SchemingMind.com"]
[Date "2008.05.26"]
[Round "-"]
[White "TRFz"]
[Black "faulty"]
[Result "1-0"]
[WhiteCountry "GBR"]
[BlackCountry "USA"]
[WhiteElo "2167"]
[WhiteRD "55"]
[BlackElo "2003"]
[BlackRD "69"]
[GameID "156486"]

1. d4 Nf6 2. c4 e6 3. Nc3 Bb4 4. a3 Bxc3+ 5. bxc3 d6 6. f3 O-O 7. e4 e5 8. Bd3 c5 9. Ne2 Nc6 10. Be3 b6
11. O-O Qc7 12. Qe1 Ba6 13. Qg3 Na5 14. Bg5 Ne8 15. f4 Bxc4 16. fxe5 dxe5 17. dxe5 Bxd3 18. Qxd3 Qxe5 19. Rf5 Qd6 20. Rd5 Qg6
21. Be7 Nf6 22. Rf5 Rfe8 23. Bxf6 gxf6 24. Nf4 Qh6 25. Nd5 Re6 26. Raf1 Kg7 27. Nc7
1-0

[Event "Master norm MT"]
[Site "SchemingMind.com"]
[Date "2008.05.27"]
[Round "-"]
[White "mreppert"]
[Black "faulty"]
[Result "0-1"]
[WhiteCountry "USA"]
[BlackCountry "USA"]
[WhiteElo "1747"]
[WhiteRD "94"]
[BlackElo "2003"]
[BlackRD "69"]
[GameID "156542"]

1. d4 Nf6 2. c4 e6 3. Nf3 c5 4. d5 exd5 5. cxd5 d6 6. Nc3 a6 7. a4 g6 8. e4 Nbd7 9. Bf4 Qe7 10. Bd3 Nh5
11. g3 Bg7 12. Qd2 O-O 13. O-O-O Ne5 14. Bg5 f6 15. Nxe5 Qxe5 16. Bh6 Bg4 17. Bxg7 Nxg7 18. Be2 Bxe2 19. Qxe2 Qe7 20. f4 Rfe8
21. Rde1 Qd7 22. g4 Rab8 23. f5 b5 24. a5 b4
0-1

[Event "Master norm MT"]
[Site "SchemingMind.com"]
[Date "2008.05.27"]
[Round "-"]
[White "mreppert"]
[Black "Konan_Kaddosh"]
[Result "0-1"]
[WhiteCountry "USA"]
[BlackCountry "ITA"]
[WhiteElo "1747"]
[WhiteRD "94"]
[BlackElo "2555"]
[BlackRD "61"]
[GameID "156543"]

1. d4 Nf6 2. c4 e6 3. Nc3 Bb4 4. Qc2 O-O 5. a3 Bxc3+ 6. Qxc3 b6 7. Bg5 Bb7 8. f3 h6 9. Bh4 d5 10. e3 Nbd7
11. cxd5 Nxd5 12. Bxd8 Nxc3 13. Bxc7 Nd5 14. Bg3 Nxe3 15. Kd2 Nf5 16. Bf2 Rfd8 17. Kc3 Rac8+ 18. Bc4 b5 19. Kb4 Rxc4+ 20. Kxb5 Nb6
0-1

[Event "Master norm MT"]
[Site "SchemingMind.com"]
[Date "2008.05.27"]
[Round "-"]
[White "mreppert"]
[Black "thebirdolux"]
[Result "0-1"]
[WhiteCountry "USA"]
[BlackCountry "USA"]
[WhiteElo "1747"]
[WhiteRD "94"]
[BlackElo "2120"]
[BlackRD "84"]
[GameID "156544"]

1. d4 c6 2. c4 d5 3. Nf3 Nf6 4. Nc3 e6 5. Bg5 h6 6. Bh4 dxc4 7. e4 g5 8. Bg3 b5 9. Be2 Nbd7 10. d5 Bb7
0-1

[Event "Master norm MT"]
[Site "SchemingMind.com"]
[Date "2008.05.28"]
[Round "-"]
[White "faulty"]
[Black "mreppert"]
[Result "1-0"]
[WhiteCountry "USA"]
[BlackCountry "USA"]
[WhiteElo "2003"]
[WhiteRD "69"]
[BlackElo "1747"]
[BlackRD "94"]
[GameID "156546"]

1. e4 c5 2. Nf3 d6 3. d4 cxd4 4. Nxd4 Nf6 5. Nc3 a6 6. Bg5 e6 7. f4 Be7 8. Qf3 Qc7 9. O-O-O Nbd7 10. Kb1 b5
11. Bd3 Bb7 12. a3 O-O 13. Qg3 Nc5 14. Rhe1 Rac8 15. e5 dxe5 16. fxe5 Nxd3 17. Rxd3 Nh5 18. Qg4 g6 19. Nxe6 fxe6 20. Qxe6+ Rf7
21. Rd7 Qxd7 22. Qxd7 Bxg5 23. Qg4 Bd2 24. Re2
1-0

[Event "Master norm MT"]
[Site "SchemingMind.com"]
[Date "2008.05.28"]
[Round "-"]
[White "Konan_Kaddosh"]
[Black "mreppert"]
[Result "1-0"]
[WhiteCountry "ITA"]
[BlackCountry "USA"]
[WhiteElo "2555"]
[WhiteRD "61"]
[BlackElo "1747"]
[BlackRD "94"]
[GameID "156547"]

1. e4 c5 2. Nf3 d6 3. d4 cxd4 4. Nxd4 Nf6 5. Nc3 a6 6. Be3 e5 7. Nb3 Be6 8. f3 Nbd7 9. g4 b5 10. g5 b4
11. Nd5 Nxd5 12. exd5 Bf5 13. Bd3 g6 14. Bxf5 gxf5 15. Qe2 a5 16. f4 Bg7 17. fxe5 Bxe5 18. O-O-O Qc7 19. Nd4 O-O 20. Nxf5 a4
21. Ne7+
1-0

[Event "Master norm MT"]
[Site "SchemingMind.com"]
[Date "2008.05.28"]
[Round "-"]
[White "thebirdolux"]
[Black "mreppert"]
[Result "1-0"]
[WhiteCountry "USA"]
[BlackCountry "USA"]
[WhiteElo "2120"]
[WhiteRD "84"]
[BlackElo "1747"]
[BlackRD "94"]
[GameID "156548"]

1. Nf3 Nf6 2. g3 d5 3. Bg2 Bf5 4. c4 e6 5. cxd5 exd5 6. O-O c6 7. d3 Bd6 8. e4 dxe4 9. dxe4 Bg4 10. e5 Bxf3
11. Qxf3
1-0

[Event "Master norm MT"]
[Site "SchemingMind.com"]
[Date "2008.05.27"]
[Round "-"]
[White "smothered mate"]
[Black "faulty"]
[Result "1/2-1/2"]
[WhiteCountry "POL"]
[BlackCountry "USA"]
[WhiteElo "1926"]
[WhiteRD "48"]
[BlackElo "2003"]
[BlackRD "69"]
[GameID "156621"]

1. e4 e5 2. Nf3 Nc6 3. Bc4 Bc5 4. c3 Nf6 5. Qe2 O-O 6. d3 d5 7. exd5 Nxd5 8. O-O Nf4 9. Bxf4 exf4 10. d4 Bd6
11. Qd3 Qf6 12. Nbd2 Bf5 13. Ne4 Qg6 14. Rfe1 Rfe8 15. Nfd2 Na5 16. Bb3 Nxb3 17. axb3 c6 18. f3 Bc7 19. Qc4 Bxe4 20. Nxe4 Qe6
21. Qxe6 Rxe6 22. Nc5 Rxe1+ 23. Rxe1 b6 24. Nd3 Kf8 25. Re4 g5 26. Ne5 Bxe5 27. Rxe5 h6 28. h4 Re8 29. Rxe8+ Kxe8 30. hxg5 hxg5
31. g3 fxg3 32. Kg2 Ke7 33. Kxg3 f5 34. b4 Kd6 35. c4 a6 36. b3 Ke6 37. Kg2 Kd6 38. Kg3 Ke6=
1/2-1/2

[Event "Master norm MT"]
[Site "SchemingMind.com"]
[Date "2008.05.27"]
[Round "-"]
[White "smothered mate"]
[Black "Konan_Kaddosh"]
[Result "0-1"]
[WhiteCountry "POL"]
[BlackCountry "ITA"]
[WhiteElo "1927"]
[WhiteRD "49"]
[BlackElo "2525"]
[BlackRD "62"]
[GameID "156622"]

1. d4 Nf6 2. Bg5 Ne4 3. Bh4 c5 4. f3 Nf6 5. Bxf6 gxf6 6. e3 cxd4 7. exd4 Qb6 8. b3 e5 9. c3 d5 10. Qe2 Nc6
11. Qb5 Qc7 12. Qe2 Bh6 13. Nd2 O-O 14. Qd3 Re8 15. Kf2 exd4 16. cxd4 Nb4
0-1

[Event "Master norm MT"]
[Site "SchemingMind.com"]
[Date "2008.05.27"]
[Round "-"]
[White "smothered mate"]
[Black "thebirdolux"]
[Result "0-1"]
[WhiteCountry "POL"]
[BlackCountry "USA"]
[WhiteElo "1926"]
[WhiteRD "48"]
[BlackElo "2120"]
[BlackRD "84"]
[GameID "156623"]

1. e4 d6 2. f4 Nf6 3. d3 e5 4. Nf3 Nc6 5. c3 Be7 6. Be2 O-O 7. O-O Ng4 8. h3 Nf6 9. Qe1 Nh5 10. f5 d5
11. g4 dxe4 12. dxe4 Nf4 13. Bxf4 exf4 14. Nbd2 Re8 15. Rf2 Bc5 16. Kg2 Bxf2 17. Qxf2 Ne5 18. Nxe5 Qxd2 19. Nxf7 Qxb2 20. Nh6+ Kf8
21. Qc5+ Re7 22. Re1 Qb6 23. Qxb6 axb6 24. f6 Rxe4 25. fxg7+ Kxg7 26. Nf5+ Bxf5 27. gxf5 Re3
0-1

[Event "Master norm MT"]
[Site "SchemingMind.com"]
[Date "2008.05.27"]
[Round "-"]
[White "smothered mate"]
[Black "TRFz"]
[Result "0-1"]
[WhiteCountry "POL"]
[BlackCountry "GBR"]
[WhiteElo "1926"]
[WhiteRD "48"]
[BlackElo "2167"]
[BlackRD "55"]
[GameID "156624"]

1. d4 Nf6 2. c4 g6 3. Nc3 d5 4. e3 Bg7 5. Nf3 O-O 6. Bd2 c5 7. dxc5 Be6 8. cxd5 Nxd5 9. Rc1 Nxc3 10. Bxc3 Qxd1+
11. Kxd1 Rd8+ 12. Kc2 Nd7 13. Bxg7 Kxg7 14. Kb1 Bf5+ 15. Ka1 Nxc5 16. Bc4 Rac8 17. Nd4 Bd3 18. Bxd3 Nxd3 19. Rcf1 e5 20. Nb5 Rc2
21. h4 Rxb2 22. h5 Rxb5 23. h6+ Kf6 24. f4 exf4 25. exf4 Re8 26. g4 Re2 27. g5+ Kf5 28. Rf3 Ke4 29. Rff1 Rbb2
0-1

[Event "Master norm MT"]
[Site "SchemingMind.com"]
[Date "2008.05.28"]
[Round "-"]
[White "smothered mate"]
[Black "mreppert"]
[Result "1-0"]
[WhiteCountry "POL"]
[BlackCountry "USA"]
[WhiteElo "1926"]
[WhiteRD "48"]
[BlackElo "1747"]
[BlackRD "94"]
[GameID "156625"]

1. e4 c5 2. c3 d5 3. exd5 Qxd5 4. d4 Nf6 5. Nf3 e6 6. Be3 cxd4 7. cxd4 Nc6 8. Nc3 Qd6 9. Bc4 a6 10. O-O Be7
11. a3 O-O 12. Qe2 Ng4 13. Ne4 Qc7 14. Rac1 Kh8 15. h3 f5 16. hxg4 fxe4 17. Ng5 Nxd4 18. Bxd4 Bxg5 19. Qxe4 Qf4 20. Rce1
1-0

[Event "Master norm MT"]
[Site "SchemingMind.com"]
[Date "2008.05.28"]
[Round "-"]
[White "faulty"]
[Black "smothered mate"]
[Result "1-0"]
[WhiteCountry "USA"]
[BlackCountry "POL"]
[WhiteElo "2011"]
[WhiteRD "70"]
[BlackElo "1927"]
[BlackRD "49"]
[GameID "156626"]

1. e4 c5 2. Nf3 d6 3. d4 cxd4 4. Nxd4 Nf6 5. Nc3 g6 6. Be2 Bg7 7. O-O O-O 8. f4 Nc6 9. Nb3 Qd7 10. h3 Qe6
11. Bf3 Rd8 12. Nd5 Nxe4 13. Nc7 Qc4 14. Bxe4 Qxe4 15. Nxa8 Rd7 16. c3 b5 17. Re1 Qc4 18. Be3 Bb7 19. Nc5 Rd8 20. Nxb7
1-0

[Event "Master norm MT"]
[Site "SchemingMind.com"]
[Date "2008.05.27"]
[Round "-"]
[White "Konan_Kaddosh"]
[Black "smothered mate"]
[Result "1-0"]
[WhiteCountry "ITA"]
[BlackCountry "POL"]
[WhiteElo "2555"]
[WhiteRD "61"]
[BlackElo "1926"]
[BlackRD "48"]
[GameID "156627"]

1. e4 e6 2. d4 d5 3. Nc3 Nf6 4. e5 Nfd7 5. f4 c5 6. Nf3 Nc6 7. Be3 Be7 8. Qd2 b6 9. O-O-O Bb7 10. h4 a6
11. h5 c4 12. f5 b5 13. h6 g6 14. fxe6 fxe6 15. Kb1 Qa5 16. Bg5 b4 17. Ne2 Nb6 18. Bxe7 Nxe7 19. Qf4 Rf8 20. Qc1 Rc8
21. Ng5 b3 22. a3 c3 23. Nxc3 Rxc3 24. bxc3 Na4 25. Rd3 Rf2 26. cxb3 Rb2+ 27. Qxb2 Nxb2 28. Kxb2 Nc6 29. Nxh7
1-0

[Event "Master norm MT"]
[Site "SchemingMind.com"]
[Date "2008.05.28"]
[Round "-"]
[White "thebirdolux"]
[Black "smothered mate"]
[Result "1-0"]
[WhiteCountry "USA"]
[BlackCountry "POL"]
[WhiteElo "2120"]
[WhiteRD "84"]
[BlackElo "1926"]
[BlackRD "48"]
[GameID "156628"]

1. e4 c5 2. Nf3 d6 3. d4 cxd4 4. Nxd4 Nf6 5. Nc3 g6 6. Be3 Bg7 7. f3 O-O 8. Qd2 Nc6 9. O-O-O d5 10. exd5 Nxd5
11. Nxc6 bxc6 12. Nxd5 cxd5 13. Qxd5 Qc7 14. Qc5 Qb7 15. b3 Bf5 16. Bd3 Rfc8 17. Qa5 Bc3 18. Qb5 Qc7 19. Bxf5 gxf5 20. Qxf5 Bg7
21. c4 a5 22. Rd7 Qc6 23. Rxe7 Rf8 24. Re4 a4 25. b4 Rfe8 26. Rd1 Rxe4 27. Qxe4 Qa6 28. Rd6 Qc8 29. Bb6
1-0

[Event "Master norm MT"]
[Site "SchemingMind.com"]
[Date "2008.05.27"]
[Round "-"]
[White "TRFz"]
[Black "smothered mate"]
[Result "1-0"]
[WhiteCountry "GBR"]
[BlackCountry "POL"]
[WhiteElo "2167"]
[WhiteRD "55"]
[BlackElo "1926"]
[BlackRD "48"]
[GameID "156629"]

1. d4 d5 2. c4 e6 3. Nc3 Nf6 4. Bg5 Nbd7 5. e3 h6 6. Bh4 c6 7. Nf3 Be7 8. Rc1 dxc4 9. Bxc4 Nd5 10. Bxe7 Qxe7
11. O-O O-O 12. Qc2 Nxc3 13. bxc3 e5 14. Qe4 Re8 15. Rfe1 exd4 16. Qxe7 Rxe7 17. exd4 Rxe1+ 18. Rxe1 Nf6 19. Re7 Nd5 20. Re8+ Kh7
21. Ne5 b5 22. Bd3+ f5 23. Rxc8
1-0

[Event "Master norm MT"]
[Site "SchemingMind.com"]
[Date "2008.05.28"]
[Round "-"]
[White "mreppert"]
[Black "smothered mate"]
[Result "0-1"]
[WhiteCountry "USA"]
[BlackCountry "POL"]
[WhiteElo "1747"]
[WhiteRD "94"]
[BlackElo "1926"]
[BlackRD "48"]
[GameID "156630"]

1. d4 d5 2. c4 e6 3. Nc3 c5 4. cxd5 exd5 5. Nf3 Nf6 6. Bg5 Be6 7. e4 dxe4 8. d5 Bf5 9. Bxf6 Qxf6 10. Qa4+ Nd7
11. Nxe4 Qe7 12. Bd3 b5 13. d6 Qxe4+ 14. Bxe4 bxa4 15. Bxf5 g6 16. Bxd7+ Kxd7 17. O-O-O Bh6+ 18. Kb1 f6
0-1